Представление документа в формате RUSMARC

Поле Инд. ПП Название Значение
Тип записи a
Библиографический уровень a
001 Контрольный номер 1f21213f85a143b686b1a4d94ab58966
005 Дата корректировки 20190320153111.6
100 a Данные общей обработки 20190320 ||| 0rusy0189 ca
101 0_ a Язык текста rus
102 a Страна публикации RU
200 1_ f Первые сведения об ответственности О.Н. Бармина
a Заглавие Оценочные категории в праве: по материалам судебно-арбитражной практики
b Общее обозначение материала Текст
210 1_ d Дата издания 2019
461 _0 1 2000
a Арбитражный и гражданский процесс
463 _0 1 2000
a № 2
v С. 21-24
1 2101
d 2019
1 0013e7ebef851ed45dab836f3bf2c0ea7ce
606 a Основная рубрика Гражданское процессуальное право
610 0_ a Ключевые слова АРБИТРАЖНЫЙ ПРОЦЕСС
a Ключевые слова ОЦЕНОЧНОЕ ПОНЯТИЕ
a Ключевые слова СРОКИ
a Ключевые слова СУДЕБНЫЕ РАСХОДЫ
a Ключевые слова ЗЛОУПОТРЕБЛЕНИЕ ПРАВОМ
700 _1 a Фамилия Бармина
b Имя О.Н.
801 _0 a Страна RU
b Организация РГУП
c Дата составления 20190320
g Правила каталогизации PSBO
801 _1 a Страна RU
b Организация РГУП
c Дата составления 20190320
g Правила каталогизации PSBO
901 t Тип документа b
w Контрольный № источника 3e7ebef851ed45dab836f3bf2c0ea7ce
905 a Дата ввода 20190320